000 00565nam a2200205 i 4500
001 66214
003 ES-MaACL
005 20240601063023.0
007 t|
008 040129s1966 sp ||||1| spa d
100 1 _aGalán, Joaquín.
_953292
245 1 0 _aVocación de mar /
_cJoaquín Galán.
260 _aValladolid :
_b[s.n.],
_c1966.
300 _a72 p. ;
_c22 cm.
490 1 _aColección Rocamador ;
_v58
830 0 0 _aRocamador (Serie) ;
_v58
_9236737
852 _aES-MaACL
_jC-31600
_bR.61837
942 _2udc
999 _c66214
_d66214